Deutsche Filme 3 - Statistiken

Allgemein
  • Dieses Quiz wurde 45 mal gespielt
  • Das Durchschnittsergebnis liegt bei 5 aus 20
Antwortstatistiken
Jahr Hinweis Film % Korrekt
1943 Geschichte eines Lügenbarons Münchhausen
63%
2004 Very Long und Even Longer suchen einen Mörder. Der Wixxer
50%
1982/2005 Biografie der bekanntesten Widerstandskämpferin gegen den Nationalsozialismus. Die weiße Rose / Sophie Scholl – Die letzten Tage
47%
1991 Komödie um DDR-Kultfahrzeug Go Trabi Go
45%
2001 Ein Gefängnis-Versuch gerät außer Kontrolle. Das Experiment
37%
1983 Tommy und Mike werden Detektive. Die Supernasen
29%
1993 Eine der tödlichsten Schlachten des zweiten Weltkriegs wird nacherzählt. Stalingrad
26%
2016 Maik und Andrej gehen in einem gestohlenen Lada auf Reise. Tschick
26%
1930 Marlene Dietrich verführt als Varietésängerin einen Professor. Der blaue Engel
24%
1974 Fassbinder-Drama über einen Gastarbeiter, der eine Witwe heiratet Angst essen Seele auf
21%
1973 DDR-Kultfilm um ein junges Ostberliner-Paar Die Legende von Paul und Paula
21%
1959 Edgar Wallace-Verfilmung über einen maskierten Verbrecherboss Der Frosch mit der Maske
18%
1997 Zwei todkranke Freunde stehlen ein Cabrio um ans Meer zu fahren. Knockin’ on Heaven’s Door
18%
2012 Vier Jugendliche stranden auf einer einsamen Insel. Türkisch für Anfänger
16%
1999 Die Unnaer Ganoven Keek und Kalle planen den großen Coup. Bang Boom Bang – Ein todsicheres Ding
13%
1983 Tina und Robby alias Nena und Markus zelebrieren die Neue Deutsche Welle. Gib Gas – Ich will Spaß
13%
1978 Episodenfilm über RAF-Terrorismus 1977 Deutschland im Herbst
5%
1984 Verwechselungskomödie um Bruno Koob / Hans Immer Didi – Der Doppelgänger
3%
1968 Der Münchner Nichtstuer Martin beobachtet einen Einbruch und soll diesen der Polizei melden. Zur Sache, Schätzchen
3%
1944/1953 Märchen um den Sohn eines Schmieds, eine Prinzessin und den Mondmann Der kleine Muck / Die Geschichte vom kleinen Muck
0%
Keine übereinstimmenden Quizze gefunden
Verteilung der Resultate
Anzahl Personen mit jedem Resultat
Perzentil nach korrekt beantworteten Fragen
Ihre Resultats-Entwicklung
Sie haben dieses Quiz noch nicht gespielt